| 000 | 01127nac a22003137a 4500 | ||
|---|---|---|---|
| 001 | BR7902043 | ||
| 003 | BR-BrBNA | ||
| 005 | 20240105114414.0 | ||
| 008 | 230509b bl.|||m| |||| 00| 0 por d | ||
| 040 |
_aBR-BrBNA _bpor _cBiblioteca Nacional de Agricultura |
||
| 072 | _aH20 | ||
| 090 | _a0311 BR7902043 | ||
| 100 | 1 | _aSouza Filho, B.F. de | |
| 100 | 1 | _aSantos Filho, H.P. | |
| 100 | 1 | _aRobbs, C.F. | |
| 100 | 1 | _aSantos, Z.G. dos | |
| 100 | 1 | _aAlmeida, E.M. de | |
| 110 | 1 |
_aUnidade de Execucao de Pesquisa de Ambito Estadual de Quissama, Aracaju, SE (Brasil) _910374 |
|
| 245 | 1 |
_aEpidemiologia e controle da queima das folhas do coqueiro [fungo, Cocos nucifera, Sergipe,] _bTrabalho apresentado no 12. Congresso Brasileiro de Fitopatologia |
|
| 260 | 3 |
_aQuissama, SE (Brasil): _c1979. |
|
| 300 | _a6 p. | ||
| 490 |
_aComunicado Tecnico - Unidade de Execucao de Pesquisa de Ambito Estadual de Quissama (Brazil) _vno. 3 _xISSN 0100-4867 |
||
| 650 | _aCOCO | ||
| 650 | _aQUEIMA DA FOLHA | ||
| 650 | _aFUNGO | ||
| 650 | _aSERGIPE | ||
| 909 |
_a202312 _bLúcia Elande _c55 _dLúcia Elande |
||
| 942 |
_2AGRIS _n0 _cMS |
||
| 999 |
_c269169 _d269169 |
||